000 00281nam a22001217a 4500
041 _aENG
100 _aSenapab PC
245 _aTermhology Bon Agricultural Engineering
260 _aDelhi
_bSaroj Prkasan
_c1992
300 _a140
650 _aAgricultural
856 _uAgricultural
999 _c493
_d493